'T' State Abbreviations Quiz Stats

 Plays Quiz Updated Apr 12, 2018

Score 0/6 Timer 03:00
0 Plays Today
% Correct
Texas
96.2%
Tennessee
88.5%
Montana
77.8%
Vermont
76.6%
Utah
74.7%
Connecticut
69.5%

You're not logged in!

Compare scores with friends on all Sporcle quizzes.
OR
Log In

Sporcle TV

Today on Sporcle TV


Watch our educational content, quiz creation guides, and fun videos on Sporcle TV.

Show Comments

Extras

Top Quizzes Today


Score Distribution

Your Account Isn't Verified!

In order to create a playlist on Sporcle, you need to verify the email address you used during registration. Go to your Sporcle Settings to finish the process.

Report this User

Report this user for behavior that violates our Community Guidelines.

Details: